00921nam a2200265Ia 4500001001000000003000500010008004100015010001100056040000900067082001900076100003100095245005400126260006000180300001100240650004600251710006200297901001900359902000600378905006300384910000900447942000900456942001200465999001900477952015900496Para_2453CHAP220125s1984 xx 000 0 und d a200987 cCHAP aPA 581.9093 T4 aThurston, H. David9113015 aTropical plant diseases /c by H. David Thurston aSt. Paul, Minn. :b American Phytopathological Society a208 p. aPlantas tropicales x Enfermedades989091 aAmerican Phytopatological Society. St. Paul, Minn9165838 aPA 581.9093 T4 aA a0000001984 STPa 0000000000 00 a1984 cPARA cPARAd1 c200987d200987 00102ddc4053708GRALaPAbPAd2005-10-27fPARAi(PA_73) (No. UACh C/E)l0oPA 581.9093 T4p4102000541r2022-01-25 00:00:00tEj.1w2022-01-25yLIBROz3